<?xml version="1.0" encoding="UTF-8"?>
<record
    xmlns:xsi="http://www.w3.org/2001/XMLSchema-instance"
    xsi:schemaLocation="http://www.loc.gov/MARC21/slim http://www.loc.gov/standards/marcxml/schema/MARC21slim.xsd"
    xmlns="http://www.loc.gov/MARC21/slim">

  <leader>01048nam a2200301Ia 4500</leader>
  <controlfield tag="001">001349</controlfield>
  <controlfield tag="008">221003s1995    xx            000 0 spa d</controlfield>
  <datafield tag="035" ind1=" " ind2=" ">
    <subfield code="a">CENDO_2418</subfield>
  </datafield>
  <datafield tag="041" ind1=" " ind2=" ">
    <subfield code="a">spa</subfield>
  </datafield>
  <datafield tag="084" ind1=" " ind2=" ">
    <subfield code="a">RI-00024-00001</subfield>
  </datafield>
  <datafield tag="110" ind1=" " ind2=" ">
    <subfield code="a">CUMBRE MUNDIAL SOBRE DESARROLLO SOCIAL</subfield>
    <subfield code="d">1995</subfield>
    <subfield code="c">Dinamarca</subfield>
    <subfield code="9">3484</subfield>
  </datafield>
  <datafield tag="245" ind1=" " ind2="0">
    <subfield code="a">Informes de reuni&#xF3;n e informe de un seminario del Grupo de ONG para el Seguimiento de la Cumbre Mundial de Desarrollo Social</subfield>
  </datafield>
  <datafield tag="260" ind1=" " ind2=" ">
    <subfield code="a">Madrid :</subfield>
    <subfield code="b">Grupo de ONG para el seguimiento de la Cumbre Mundial de Desarrollo Social,</subfield>
    <subfield code="c">1995</subfield>
  </datafield>
  <datafield tag="300" ind1=" " ind2=" ">
    <subfield code="a">1 v. (pag. var.)  ;</subfield>
    <subfield code="c"> 30 cm</subfield>
  </datafield>
  <datafield tag="650" ind1=" " ind2="0">
    <subfield code="a">ORGANIZACION NO GUBERNAMENTAL</subfield>
    <subfield code="9">3364</subfield>
  </datafield>
  <datafield tag="650" ind1=" " ind2=" ">
    <subfield code="a">CUMBRE SOCIAL</subfield>
    <subfield code="9">3485</subfield>
  </datafield>
  <datafield tag="650" ind1=" " ind2=" ">
    <subfield code="a">INFORME DE REUNION</subfield>
    <subfield code="9">674</subfield>
  </datafield>
  <datafield tag="650" ind1=" " ind2=" ">
    <subfield code="a">CONFERENCIA</subfield>
    <subfield code="9">311</subfield>
  </datafield>
  <datafield tag="710" ind1=" " ind2=" ">
    <subfield code="a">GRUPO DE ONG PARA EL SEGUIMIENTO DE LA CUMBRE MUNDIAL DE DESARROLLO SOCIAL</subfield>
    <subfield code="9">3486</subfield>
  </datafield>
  <datafield tag="710" ind1=" " ind2=" ">
    <subfield code="a">NACIONES UNIDAS</subfield>
    <subfield code="9">3114</subfield>
  </datafield>
  <datafield tag="901" ind1=" " ind2=" ">
    <subfield code="a">3</subfield>
  </datafield>
  <datafield tag="903" ind1=" " ind2=" ">
    <subfield code="a">NO</subfield>
  </datafield>
  <datafield tag="904" ind1=" " ind2=" ">
    <subfield code="a">000</subfield>
  </datafield>
  <datafield tag="953" ind1=" " ind2=" ">
    <subfield code="d">1996-10-16</subfield>
    <subfield code="y">DOCUMENTO</subfield>
    <subfield code="o">RI-00024-00001</subfield>
  </datafield>
  <datafield tag="999" ind1=" " ind2=" ">
    <subfield code="c">2417</subfield>
    <subfield code="d">2417</subfield>
  </datafield>
  <datafield tag="910" ind1=" " ind2=" ">
    <subfield code="a">1995</subfield>
  </datafield>
  <datafield tag="942" ind1=" " ind2=" ">
    <subfield code="c">DOCUMENTO</subfield>
  </datafield>
  <datafield tag="952" ind1=" " ind2=" ">
    <subfield code="0">0</subfield>
    <subfield code="1">0</subfield>
    <subfield code="4">0</subfield>
    <subfield code="7">0</subfield>
    <subfield code="a">CENDO</subfield>
    <subfield code="b">CENDO</subfield>
    <subfield code="d">1996-10-16</subfield>
    <subfield code="l">0</subfield>
    <subfield code="o">RI-00024-00001</subfield>
    <subfield code="p">CENDO_2418</subfield>
    <subfield code="r">2022-10-05 00:00:00</subfield>
    <subfield code="w">2022-10-05</subfield>
    <subfield code="y">DOCUMENTO</subfield>
  </datafield>
</record>
